000 00286nam a22001337a 4500
008 170823b xxu||||| |||| 00| 0 eng d
020 _a0387969802
041 _aeng
080 _a51
100 _a38
101 _aMAT
245 _aHYPERCOMPLEX NUMBERS
_cKANTOR,I.L
942 _2udc
_cBK
999 _c24689
_d24689